000 00314nam a22001337a 4500
003 SGT
082 _a615.19
_bJAI
100 _aJAIN, DR. GIRISH K.
245 _aPHARMACEUTICAL ENGINEERING
260 _aINDIA
_bB.S. SHAH PUB.
_c2019
300 _a894
650 _aPHARMACEUTICAL ENGINEERING
942 _2ddc
_cBK
999 _c32544
_d32544